| 000 | 00472nam a2200157 i 4500 | ||
|---|---|---|---|
| 001 | 23711 | ||
| 003 | ES-MaACL | ||
| 005 | 20230906152924.0 | ||
| 007 | t| | ||
| 008 | 021212s1971 sp ||||1| cat d | ||
| 100 | 1 |
_aAmell i Sans, Agustín. _921191 |
|
| 245 | 1 | 3 |
_aEl cor dels pneumopates i el pulmó dels cardiacs / _cAgustí Amell i Sans. |
| 260 |
_aBarcelona : _bEd. 62, _c[1971] |
||
| 300 |
_a107 p., 2 lám. : _bil. ; _c20 cm. |
||
| 852 |
_aES-MaACL _jC-46997 _bR.80247 |
||
| 999 |
_c23711 _d23711 |
||